000
00309nam a22001337a 4500
008
170608b xxu||||| |||| 00| 0 eng d
020
_a
805341841
041
_a
eng
080
_a
94
100
_a
18
101
_a
SHH
245
_a
CALSSIC READINGS OF INTERNATIONAL RELATIONS
_c
WILLIAMS,PH
942
_2
udc
_c
BK
999
_c
16577
_d
16577